000 00700nam a22001937a 4500
999 _c119
_d119
008 151024b xxu||||| |||| 00| 0 eng d
020 _a978-1-4833-7616-5 (pbk:alk.paper)
082 _a2016
_bDC 808.06632
_2B24
100 _9176
_aBaglione, Lisa A.
245 _aWriting a research paper in political science:
_ba practical guide to inquiry, structure, and methods/
_cLisa A. Baglione
250 _aThird edition
260 _aLos Angeles:
_bSage,
_cc2016.
300 _axvi, 206 pages;
_c23 cm.
500 _aIncludes bibliographical references and index.
650 0 _9177
_aPolitical science
_xAuthorship
650 0 _9178
_aPolitical science
_xResearch
365 _b5,119.00
_cPHP
942 _2ddc
_cDC